| 000 | 01328nam a2200241 a 4500 | ||
|---|---|---|---|
| 001 | 000029797 | ||
| 005 | 20250711124154.0 | ||
| 008 | 110426s2011 dr ad 000 0 spa d | ||
| 040 |
_aDO-SdBNP _bspa _cBNPHU |
||
| 082 |
_a371.207 _bR426pl |
||
| 110 | 1 |
_aRepública Dominicana. _bMinisterio de Educación _943100 |
|
| 245 | 1 | 0 |
_aPlan operativo 2011 / _cpresentación Melanio Paredes ; introducción Mery Valerio. |
| 260 |
_aSanto Domingo : _bAlfa y Omega, _c2011. |
||
| 300 |
_a181 p. : _bil., tablas ; _c29 cm. |
||
| 505 | 0 |
_gPresentación / _rMelanio Paredes -- _gIntroducción / _rMery Valerio -- _tPolíticas educativas del Plan Decenal -- _tPlan estratégico de la Gestión Educativa 2008-2012 -- _tPlanificación operativa: _tPlanificación y desarrollo -- _tDesarrollo curricular y docente -- _tGestión administrativa -- _tApoyo estudiantil -- _tMejora continua: supervisión, evaluación y control -- _tMatriz operativa -- _tMatriz de programación de actividades -- _tPresupuesto por dependencia y objeto de gasto. |
|
| 590 | _aInventariado,2018/DG | ||
| 650 | 0 |
_aPlanificación educativa _917484 |
|
| 650 | 4 |
_aPlanificación estratégica _92433 |
|
| 650 | 4 |
_aDesarrollo educativo _910501 |
|
| 700 | 1 | 2 |
_aParedes, Melanio, _epresent. _953516 |
| 700 | 1 | 2 |
_aValerio, Mery, _eintrod. _956552 |
| 910 | _aValidado. Control de calidad EMS | ||
| 999 |
_c29289 _d29289 |
||